[Event "European Women's Championship"]
[Site "Vysoke Tatry"]
[Date "2018.04.09"]
[Round "2"]
[White "Sandu, Mihaela"]
[Black "Makka, Ioulia"]
[Result "1-0"]
[Board "63"]
[WhiteElo "2240"]
[WhiteTitle "WGM"]
[WhiteCountry "ROU"]
[WhiteFideId "1204327"]
[WhiteEloChange "6"]
[BlackElo "2076"]
[BlackTitle "WIM"]
[BlackCountry "GRE"]
[BlackFideId "4205316"]
[BlackEloChange "-6"]

1. e4 {[%clk 1:30:55]} c6 {[%clk 1:30:54]} 2. d4 {[%clk 1:31:02]} d5 {[%clk
1:31:15]} 3. e5 {[%clk 1:31:15]} Bf5 {[%clk 1:31:34]} 4. Nf3 {[%clk 1:31:17]} e6
{[%clk 1:31:48]} 5. Be2 {[%clk 1:31:06]} Nd7 {[%clk 1:31:51]} 6. O-O {[%clk
1:30:16]} h6 {[%clk 1:31:52]} 7. a4 {[%clk 1:30:18]} a6 {[%clk 1:31:27]} 8. a5
{[%clk 1:28:00]} g5 {[%clk 1:30:33]} 9. Ne1 {[%clk 1:27:21]} c5 {[%clk 1:20:37]}
10. Be3 {[%clk 1:19:25]} cxd4 {[%clk 1:17:34]} 11. Bxd4 {[%clk 1:19:49]} Bb4
{[%clk 1:16:03]} 12. c4 {[%clk 1:14:26]} Ne7 {[%clk 1:11:12]} 13. Nc3 {[%clk
1:14:05]} dxc4 {[%clk 1:09:34]} 14. Nc2 {[%clk 1:08:59]} Bxa5 {[%clk 1:03:16]}
15. Ne3 {[%clk 1:06:58]} Bb6 {[%clk 0:49:08]} 16. Nxc4 {[%clk 1:04:56]} Bxd4
{[%clk 0:48:37]} 17. Qxd4 {[%clk 0:48:52]} Nc6 {[%clk 0:42:48]} 18. Nd6+ {[%clk
0:46:04]} Kf8 {[%clk 0:42:39]} 19. Qe3 {[%clk 0:46:04]} Ncxe5 {[%clk 0:25:51]}
20. Nxf5 {[%clk 0:46:12]} exf5 {[%clk 0:26:02]} 21. Nd5 {[%clk 0:45:55]} f4
{[%clk 0:25:28]} 22. Qa3+ {[%clk 0:25:27]} Kg7 {[%clk 0:25:04]} 23. Rad1 {[%clk
0:25:34]} Qf8 {[%clk 0:24:17]} 24. Ne7 {[%clk 0:24:01]} Re8 {[%clk 0:10:41]} 25.
Nf5+ {[%clk 0:24:11]} Kg8 {[%clk 0:09:33]} 26. Qb3 {[%clk 0:18:56]} Nc5 {[%clk
0:07:50]} 27. Qd5 {[%clk 0:18:20]} Ned7 {[%clk 0:06:52]} 28. Bd3 {[%clk 0:16:03]}
Nxd3 {[%clk 0:04:16]} 29. Qxd3 {[%clk 0:16:00]} Ne5 {[%clk 0:03:25]} 30. Qc3
{[%clk 0:14:45]} b5 {[%clk 0:01:14]} 31. Rd6 {[%clk 0:13:08]} Re6 {[%clk
0:01:40]} 32. Rfd1 {[%clk 0:12:30]} Kh7 {[%clk 0:01:00]} 33. Qc2 {[%clk 0:04:21]}
Rg6 {[%clk 0:00:41]} 34. h4 {[%clk 0:03:47]} Rxd6 {[%clk 0:00:41]} 35. Rxd6
{[%clk 0:03:54]} f6 {[%clk 0:00:45]} 36. Rxa6 {[%clk 0:03:38]} h5 {[%clk
0:00:45]} 37. Ra7+ {[%clk 0:03:13]} Kg8 {[%clk 0:00:47]} 38. Ne7+ {[%clk
0:03:24]} Kg7 {[%clk 0:00:47]} 39. Ng6+ {[%clk 0:03:37]} Qf7 {[%clk 0:00:34]} 40.
Rxf7+ {[%clk 0:34:02]} Nxf7 {[%clk 0:30:51]} 41. Nxh8 {[%clk 0:34:26]} 1-0

[Event "European Women's Championship"]
[Site "Vysoke Tatry"]
[Date "2018.04.09"]
[Round "2"]
[White "Rodshtein, Tereza"]
[Black "Azimova, Karina"]
[Result "1-0"]
[Board "64"]
[WhiteElo "2226"]
[WhiteTitle "WGM"]
[WhiteCountry "CZE"]
[WhiteFideId "325449"]
[WhiteEloChange "6"]
[BlackElo "2069"]
[BlackTitle "WFM"]
[BlackCountry "RUS"]
[BlackFideId "4108310"]
[BlackEloChange "-6"]

1. d4 {[%clk 1:30:55]} Nf6 {[%clk 1:28:37]} 2. Bf4 {[%clk 1:30:46]} Nh5 {[%clk
1:28:42]} 3. Bc1 {[%clk 1:22:17]} Nf6 {[%clk 1:29:08]} 4. Bf4 {[%clk 1:22:41]}
Nh5 {[%clk 1:29:37]} 5. Bg5 {[%clk 1:20:27]} h6 {[%clk 1:29:38]} 6. Bh4 {[%clk
1:20:15]} g5 {[%clk 1:30:03]} 7. e3 {[%clk 1:20:07]} Nf6 {[%clk 1:24:50]} 8. Bg3
{[%clk 1:20:25]} Bg7 {[%clk 1:23:35]} 9. Nd2 {[%clk 1:13:52]} c5 {[%clk 1:21:07]}
10. c3 {[%clk 1:14:07]} d6 {[%clk 1:20:18]} 11. Bd3 {[%clk 1:09:30]} Nc6 {[%clk
1:19:54]} 12. h4 {[%clk 1:02:18]} cxd4 {[%clk 0:53:16]} 13. exd4 {[%clk 1:00:16]}
gxh4 {[%clk 0:44:38]} 14. Bxh4 {[%clk 0:58:24]} Bd7 {[%clk 0:30:02]} 15. Ne2
{[%clk 0:52:02]} Qc7 {[%clk 0:26:57]} 16. Nf4 {[%clk 0:51:57]} e6 {[%clk
0:21:33]} 17. Nh5 {[%clk 0:49:29]} Nxh5 {[%clk 0:20:49]} 18. Qxh5 {[%clk
0:47:35]} Qa5 {[%clk 0:19:52]} 19. Qg4 {[%clk 0:45:53]} Kf8 {[%clk 0:17:39]} 20.
O-O {[%clk 0:39:25]} Rg8 {[%clk 0:15:45]} 21. Qf3 {[%clk 0:36:15]} Qc7 {[%clk
0:07:11]} 22. Bh7 {[%clk 0:31:36]} Rh8 {[%clk 0:07:30]} 23. Bg6 {[%clk 0:31:59]}
f5 {[%clk 0:06:40]} 24. Rfe1 {[%clk 0:29:36]} Rg8 {[%clk 0:06:01]} 25. Qh5 {[%clk
0:24:51]} Qc8 {[%clk 0:03:02]} 26. Nc4 {[%clk 0:23:03]} Nxd4 {[%clk 0:01:48]} 27.
Nxd6 {[%clk 0:21:50]} Qc6 {[%clk 0:02:17]} 28. Nxf5 {[%clk 0:20:39]} Nxf5 {[%clk
0:02:27]} 29. Qxf5+ {[%clk 0:20:52]} 1-0

[Event "European Women's Championship"]
[Site "Vysoke Tatry"]
[Date "2018.04.09"]
[Round "2"]
[White "Palma, Maria"]
[Black "Gevorgyan, Maria"]
[Result "0-1"]
[Board "65"]
[WhiteElo "2060"]
[WhiteTitle "WFM"]
[WhiteCountry "ITA"]
[WhiteFideId "898481"]
[WhiteEloChange "-6"]
[BlackElo "2226"]
[BlackTitle "WIM"]
[BlackCountry "ARM"]
[BlackFideId "13300270"]
[BlackEloChange "6"]

1. c4 {[%clk 1:30:50]} e5 {[%clk 1:30:56]} 2. g3 {[%clk 1:31:15]} Nc6 {[%clk
1:31:01]} 3. Bg2 {[%clk 1:31:37]} Nf6 {[%clk 1:31:27]} 4. Nf3 {[%clk 1:31:47]}
Bc5 {[%clk 1:31:41]} 5. O-O {[%clk 1:31:40]} d6 {[%clk 1:31:22]} 6. Nc3 {[%clk
1:29:11]} O-O {[%clk 1:31:08]} 7. e3 {[%clk 1:28:27]} Bb6 {[%clk 1:30:58]} 8. d4
{[%clk 1:22:48]} Re8 {[%clk 1:28:45]} 9. h3 {[%clk 1:18:30]} h6 {[%clk 1:23:34]}
10. b3 {[%clk 1:16:15]} Bf5 {[%clk 1:18:54]} 11. Bb2 {[%clk 1:11:14]} Qd7 {[%clk
1:08:06]} 12. Kh2 {[%clk 1:09:54]} Rad8 {[%clk 1:04:55]} 13. Qd2 {[%clk 1:03:08]}
a6 {[%clk 1:00:10]} 14. Rad1 {[%clk 0:58:07]} Qc8 {[%clk 1:00:13]} 15. Qc1 {[%clk
0:53:58]} Bg6 {[%clk 0:51:31]} 16. dxe5 {[%clk 0:49:47]} dxe5 {[%clk 0:48:58]}
17. Nd5 {[%clk 0:48:22]} Qe6 {[%clk 0:43:55]} 18. Ng1 {[%clk 0:41:11]} Ne4 {[%clk
0:27:44]} 19. Ne2 {[%clk 0:34:55]} Nc5 {[%clk 0:16:20]} 20. b4 {[%clk 0:18:17]}
Nd3 {[%clk 0:16:19]} 21. Qc3 {[%clk 0:18:28]} Ncxb4 {[%clk 0:12:43]} 22. Nxb4
{[%clk 0:11:35]} Ba5 {[%clk 0:13:09]} 23. Nf4 {[%clk 0:03:45]} Bxb4 {[%clk
0:07:12]} 24. Nxe6 {[%clk 0:04:01]} Bxc3 {[%clk 0:07:40]} 25. Nxd8 {[%clk
0:04:06]} Nxb2 {[%clk 0:07:02]} 26. Rd7 {[%clk 0:02:47]} Bf5 {[%clk 0:04:41]} 27.
Rxf7 {[%clk 0:01:01]} Bd3 {[%clk 0:03:17]} 28. Rd7 {[%clk 0:01:09]} Bxf1 {[%clk
0:02:29]} 29. Bxf1 {[%clk 0:01:34]} Rf8 {[%clk 0:02:43]} 30. Kg1 {[%clk 0:00:50]}
Be1 {[%clk 0:02:43]} 31. f4 {[%clk 0:00:48]} exf4 {[%clk 0:01:40]} 32. gxf4
{[%clk 0:01:04]} Re8 {[%clk 0:01:46]} 33. Bg2 {[%clk 0:00:52]} c6 {[%clk
0:01:57]} 34. e4 {[%clk 0:00:57]} Nxc4 {[%clk 0:01:54]} 35. Nxb7 {[%clk 0:01:17]}
Bg3 {[%clk 0:02:10]} 36. Rd4 {[%clk 0:00:50]} Ne3 {[%clk 0:01:33]} 37. e5 {[%clk
0:00:55]} Nf5 {[%clk 0:00:38]} 38. Rd7 {[%clk 0:00:42]} Bxf4 {[%clk 0:00:56]} 39.
Bxc6 {[%clk 0:00:44]} Rxe5 {[%clk 0:01:21]} 40. Rd8+ {[%clk 0:30:39]} Kh7 {[%clk
0:31:46]} 41. Rd5 {[%clk 0:26:59]} Re1+ {[%clk 0:28:02]} 42. Kf2 {[%clk 0:23:05]}
Bg3+ {[%clk 0:28:26]} 43. Kg2 {[%clk 0:17:46]} Re2+ {[%clk 0:28:43]} 44. Kf3
{[%clk 0:14:36]} Re3+ {[%clk 0:28:24]} 45. Kg4 {[%clk 0:13:00]} Ne7 {[%clk
0:25:27]} 46. Rc5 {[%clk 0:13:06]} Bb8 {[%clk 0:21:45]} 47. Bf3 {[%clk 0:07:13]}
Ng6 {[%clk 0:18:51]} 48. Rf5 {[%clk 0:06:15]} Ne5+ {[%clk 0:17:26]} 49. Kg3
{[%clk 0:06:17]} Nxf3+ {[%clk 0:17:50]} 50. Kf2 {[%clk 0:06:36]} Nh4 {[%clk
0:17:35]} 51. Rh5 {[%clk 0:06:12]} Rxh3 {[%clk 0:17:28]} 0-1

[Event "European Women's Championship"]
[Site "Vysoke Tatry"]
[Date "2018.04.09"]
[Round "2"]
[White "Ozbay, Ece"]
[Black "Trisha Kanyamarala"]
[Result "1/2-1/2"]
[Board "66"]
[WhiteElo "2216"]
[WhiteTitle "WFM"]
[WhiteCountry "TUR"]
[WhiteFideId "6351743"]
[WhiteEloChange "-5"]
[BlackElo "2031"]
[BlackCountry "IRL"]
[BlackFideId "45004722"]
[BlackEloChange "5"]

1. e4 {[%clk 1:30:56]} c6 {[%clk 1:30:46]} 2. d4 {[%clk 1:31:12]} d5 {[%clk
1:30:56]} 3. e5 {[%clk 1:31:31]} Bf5 {[%clk 1:30:58]} 4. Nf3 {[%clk 1:31:48]} e6
{[%clk 1:31:00]} 5. Be2 {[%clk 1:32:09]} c5 {[%clk 1:29:50]} 6. Be3 {[%clk
1:32:13]} cxd4 {[%clk 1:27:12]} 7. Nxd4 {[%clk 1:29:44]} Ne7 {[%clk 1:26:02]} 8.
Nc3 {[%clk 1:28:41]} Bg6 {[%clk 1:11:06]} 9. Bg5 {[%clk 1:21:54]} a6 {[%clk
1:06:58]} 10. f4 {[%clk 1:20:19]} Nbc6 {[%clk 0:58:43]} 11. g4 {[%clk 1:11:17]}
h6 {[%clk 0:43:13]} 12. Bh4 {[%clk 1:06:31]} Qb6 {[%clk 0:32:26]} 13. Nb3 {[%clk
0:56:21]} d4 {[%clk 0:25:45]} 14. Bf2 {[%clk 0:50:38]} O-O-O {[%clk 0:21:38]} 15.
O-O {[%clk 0:46:06]} Qc7 {[%clk 0:16:24]} 16. Na4 {[%clk 0:43:16]} Nd5 {[%clk
0:12:01]} 17. Qc1 {[%clk 0:33:51]} Ndb4 {[%clk 0:10:29]} 18. Bd1 {[%clk 0:23:49]}
b5 {[%clk 0:07:17]} 19. Nac5 {[%clk 0:20:16]} Qb6 {[%clk 0:06:45]} 20. c3 {[%clk
0:17:46]} Bxc5 {[%clk 0:04:39]} 21. cxb4 {[%clk 0:18:01]} Bxb4 {[%clk 0:03:32]}
22. Bf3 {[%clk 0:18:03]} Kd7 {[%clk 0:02:47]} 23. Rd1 {[%clk 0:12:13]} Rc8 {[%clk
0:01:47]} 24. Nxd4 {[%clk 0:08:29]} Nxd4 {[%clk 0:01:33]} 25. Bxd4 {[%clk
0:08:58]} Rxc1 {[%clk 0:01:06]} 26. Bxb6+ {[%clk 0:09:26]} Rxd1+ {[%clk 0:01:25]}
27. Rxd1+ {[%clk 0:09:55]} Kc8 {[%clk 0:01:11]} 28. Bc6 {[%clk 0:04:44]} Be7
{[%clk 0:00:44]} 29. Rc1 {[%clk 0:04:35]} Kb8 {[%clk 0:00:45]} 30. Bd7 {[%clk
0:04:52]} Be4 {[%clk 0:00:37]} 31. f5 {[%clk 0:04:17]} Bg5 {[%clk 0:00:42]} 32.
Re1 {[%clk 0:04:23]} Bd5 {[%clk 0:01:01]} 33. f6 {[%clk 0:00:42]} gxf6 {[%clk
0:00:57]} 34. a4 {[%clk 0:00:41]} Kb7 {[%clk 0:00:56]} 35. Ba5 {[%clk 0:00:45]}
bxa4 {[%clk 0:00:44]} 36. exf6 {[%clk 0:00:34]} Bxf6 {[%clk 0:00:58]} 37. Bxa4
{[%clk 0:00:34]} Rc8 {[%clk 0:00:58]} 38. h3 {[%clk 0:00:35]} Bd4+ {[%clk
0:00:51]} 39. Kh2 {[%clk 0:00:34]} e5 {[%clk 0:00:39]} 40. Rf1 {[%clk 0:30:33]}
Be3 {[%clk 0:30:39]} 41. Bc3 {[%clk 0:30:09]} Bf4+ {[%clk 0:29:49]} 42. Kg1
{[%clk 0:30:37]} f6 {[%clk 0:26:53]} 43. Rd1 {[%clk 0:29:09]} Bc6 {[%clk
0:22:38]} 44. Bb3 {[%clk 0:26:59]} Bg5 {[%clk 0:18:11]} 45. Rd6 {[%clk 0:25:28]}
Kc7 {[%clk 0:18:24]} 46. Re6 {[%clk 0:25:18]} Kd7 {[%clk 0:16:50]} 47. Bc4 {[%clk
0:17:43]} Rb8 {[%clk 0:16:13]} 48. Kh2 {[%clk 0:16:26]} Bf4+ {[%clk 0:11:58]} 49.
Kg1 {[%clk 0:16:50]} Bg5 {[%clk 0:12:05]} 50. Kh2 {[%clk 0:17:13]} 1/2-1/2

[Event "European Women's Championship"]
[Site "Vysoke Tatry"]
[Date "2018.04.09"]
[Round "2"]
[White "Koloditsova, Renata"]
[Black "Kubicka, Anna"]
[Result "0-1"]
[Board "67"]
[WhiteElo "1978"]
[WhiteCountry "SVK"]
[WhiteFideId "14927705"]
[WhiteEloChange "-4"]
[BlackElo "2215"]
[BlackTitle "WFM"]
[BlackCountry "POL"]
[BlackFideId "1152254"]
[BlackEloChange "4"]

1. d4 {[%clk 1:30:57]} d6 {[%clk 1:30:48]} 2. c4 {[%clk 1:30:32]} g6 {[%clk
1:31:05]} 3. Nc3 {[%clk 1:30:09]} Bg7 {[%clk 1:31:26]} 4. Nf3 {[%clk 1:30:14]} e5
{[%clk 1:31:36]} 5. e4 {[%clk 1:23:17]} Nc6 {[%clk 1:31:40]} 6. d5 {[%clk
1:19:29]} Nce7 {[%clk 1:31:25]} 7. Be2 {[%clk 1:17:08]} f5 {[%clk 1:30:35]} 8.
O-O {[%clk 1:12:06]} Nf6 {[%clk 1:30:42]} 9. b4 {[%clk 1:09:42]} O-O {[%clk
1:27:36]} 10. Ng5 {[%clk 1:04:01]} h6 {[%clk 1:24:14]} 11. Ne6 {[%clk 1:03:48]}
Bxe6 {[%clk 1:24:37]} 12. dxe6 {[%clk 1:04:15]} fxe4 {[%clk 1:19:15]} 13. Nd5
{[%clk 0:52:25]} c6 {[%clk 1:15:55]} 14. Nxf6+ {[%clk 0:52:16]} Rxf6 {[%clk
1:16:08]} 15. Bg4 {[%clk 0:36:31]} Nf5 {[%clk 1:13:33]} 16. Qe2 {[%clk 0:35:08]}
d5 {[%clk 1:10:55]} 17. Bb2 {[%clk 0:31:48]} Rxe6 {[%clk 1:09:08]} 18. Rad1
{[%clk 0:31:06]} Rd6 {[%clk 1:07:16]} 19. cxd5 {[%clk 0:25:38]} cxd5 {[%clk
1:07:15]} 20. Qb5 {[%clk 0:24:48]} Nd4 {[%clk 0:57:59]} 21. Qxb7 {[%clk 0:15:46]}
Rb6 {[%clk 0:56:13]} 22. Qd7 {[%clk 0:15:49]} Qxd7 {[%clk 0:56:15]} 23. Bxd7
{[%clk 0:16:13]} Rd8 {[%clk 0:56:26]} 24. Bh3 {[%clk 0:11:02]} Rxb4 {[%clk
0:45:53]} 25. Ba3 {[%clk 0:10:33]} Rb6 {[%clk 0:43:33]} 26. Rb1 {[%clk 0:07:19]}
Ne2+ {[%clk 0:41:23]} 27. Kh1 {[%clk 0:07:41]} Nf4 {[%clk 0:41:32]} 28. Bg4
{[%clk 0:05:26]} h5 {[%clk 0:41:44]} 29. Rxb6 {[%clk 0:05:42]} axb6 {[%clk
0:42:02]} 30. Bd1 {[%clk 0:05:45]} Ra8 {[%clk 0:38:55]} 31. Bc1 {[%clk 0:06:04]}
Rxa2 {[%clk 0:36:47]} 32. g3 {[%clk 0:00:46]} Nd3 {[%clk 0:36:52]} 33. Be3 {[%clk
0:01:07]} Rb2 {[%clk 0:36:32]} 34. Kg1 {[%clk 0:00:58]} d4 {[%clk 0:36:34]} 35.
Bg5 {[%clk 0:01:17]} Kh7 {[%clk 0:36:10]} 36. h3 {[%clk 0:01:13]} Bh6 {[%clk
0:36:25]} 37. Bxh6 {[%clk 0:00:36]} Kxh6 {[%clk 0:36:50]} 38. Ba4 {[%clk
0:01:03]} e3 {[%clk 0:36:37]} 39. Ra1 {[%clk 0:00:32]} e2 {[%clk 0:36:45]} 0-1

[Event "European Women's Championship"]
[Site "Vysoke Tatry"]
[Date "2018.04.09"]
[Round "2"]
[White "Antolak, Julia"]
[Black "Nemcova, Karin"]
[Result "0-1"]
[Board "68"]
[WhiteElo "2212"]
[WhiteTitle "WFM"]
[WhiteCountry "POL"]
[WhiteFideId "1159569"]
[WhiteEloChange "-16"]
[BlackElo "1992"]
[BlackCountry "CZE"]
[BlackFideId "360821"]
[BlackEloChange "16"]

1. e4 {[%clk 1:30:56]} c5 {[%clk 1:30:53]} 2. Nf3 {[%clk 1:31:21]} e6 {[%clk
1:31:17]} 3. d4 {[%clk 1:31:47]} cxd4 {[%clk 1:31:40]} 4. Nxd4 {[%clk 1:32:11]}
Nc6 {[%clk 1:32:01]} 5. Nc3 {[%clk 1:32:17]} Qc7 {[%clk 1:32:20]} 6. Be2 {[%clk
1:32:34]} a6 {[%clk 1:32:41]} 7. O-O {[%clk 1:32:36]} Nf6 {[%clk 1:31:51]} 8. Be3
{[%clk 1:32:51]} Bb4 {[%clk 1:32:11]} 9. Nxc6 {[%clk 1:32:55]} bxc6 {[%clk
1:32:20]} 10. f4 {[%clk 1:32:58]} d5 {[%clk 1:30:37]} 11. e5 {[%clk 1:32:02]} Nd7
{[%clk 1:28:47]} 12. Na4 {[%clk 1:28:56]} c5 {[%clk 1:20:40]} 13. c3 {[%clk
1:25:54]} Ba5 {[%clk 1:20:43]} 14. Rc1 {[%clk 1:21:57]} c4 {[%clk 1:11:51]} 15.
b4 {[%clk 1:19:35]} cxb3 {[%clk 1:05:03]} 16. axb3 {[%clk 1:19:53]} O-O {[%clk
1:00:26]} 17. c4 {[%clk 1:10:45]} dxc4 {[%clk 0:57:08]} 18. Rxc4 {[%clk 1:08:31]}
Qd8 {[%clk 0:55:02]} 19. b4 {[%clk 1:02:34]} Bc7 {[%clk 0:52:48]} 20. Qd4 {[%clk
0:49:02]} Bb7 {[%clk 0:48:37]} 21. Rd1 {[%clk 0:47:42]} Bd5 {[%clk 0:48:22]} 22.
Rc3 {[%clk 0:42:37]} Bb8 {[%clk 0:42:23]} 23. Bc4 {[%clk 0:35:54]} Ba7 {[%clk
0:38:19]} 24. Qd2 {[%clk 0:34:36]} Bxc4 {[%clk 0:34:18]} 25. Rxc4 {[%clk
0:34:11]} Nxe5 {[%clk 0:32:21]} 26. Qc2 {[%clk 0:18:52]} Bxe3+ {[%clk 0:28:36]}
27. Kh1 {[%clk 0:19:14]} Nxc4 {[%clk 0:27:06]} 28. Rxd8 {[%clk 0:19:28]} Rfxd8
{[%clk 0:27:24]} 29. g3 {[%clk 0:16:52]} Rac8 {[%clk 0:24:01]} 30. Qe4 {[%clk
0:16:26]} Rd4 {[%clk 0:10:54]} 31. Qb7 {[%clk 0:16:33]} Nd6 {[%clk 0:11:03]} 32.
Qxa6 {[%clk 0:16:44]} Rd2 {[%clk 0:10:20]} 33. Nc5 {[%clk 0:14:48]} Bxc5 {[%clk
0:10:39]} 34. bxc5 {[%clk 0:15:13]} Rb8 {[%clk 0:09:22]} 35. Qa1 {[%clk 0:14:36]}
Rdb2 {[%clk 0:09:41]} 36. Qa7 {[%clk 0:13:27]} Rc8 {[%clk 0:06:37]} 37. Qa3
{[%clk 0:11:47]} Nc4 {[%clk 0:06:44]} 38. Qa4 {[%clk 0:11:02]} Ne3 {[%clk
0:06:19]} 39. Qe4 {[%clk 0:10:26]} Rd8 {[%clk 0:06:31]} 0-1

[Event "European Women's Championship"]
[Site "Vysoke Tatry"]
[Date "2018.04.09"]
[Round "2"]
[White "Slaba, Andrea"]
[Black "Chernyak, Viktoria"]
[Result "1/2-1/2"]
[Board "69"]
[WhiteElo "1924"]
[WhiteCountry "SVK"]
[WhiteFideId "14940680"]
[WhiteEloChange "7"]
[BlackElo "2196"]
[BlackTitle "WFM"]
[BlackCountry "RUS"]
[BlackFideId "24165956"]
[BlackEloChange "-7"]

1. Nf3 {[%clk 1:30:56]} d5 {[%clk 1:30:44]} 2. d4 {[%clk 1:31:20]} Nf6 {[%clk
1:30:53]} 3. c4 {[%clk 1:30:56]} e6 {[%clk 1:30:59]} 4. e3 {[%clk 1:30:56]} Be7
{[%clk 1:29:29]} 5. Bd3 {[%clk 1:30:44]} O-O {[%clk 1:27:04]} 6. O-O {[%clk
1:30:29]} dxc4 {[%clk 1:21:20]} 7. Bxc4 {[%clk 1:30:38]} a6 {[%clk 1:21:45]} 8.
a3 {[%clk 1:23:54]} b6 {[%clk 1:20:37]} 9. Nc3 {[%clk 1:21:15]} Bb7 {[%clk
1:20:57]} 10. Be2 {[%clk 1:19:31]} Nbd7 {[%clk 1:20:27]} 11. Qc2 {[%clk 1:14:11]}
Rc8 {[%clk 1:15:00]} 12. Rd1 {[%clk 1:12:33]} c5 {[%clk 1:09:56]} 13. dxc5 {[%clk
1:09:42]} Rxc5 {[%clk 1:08:21]} 14. b4 {[%clk 1:07:29]} Rc7 {[%clk 1:07:49]} 15.
Bb2 {[%clk 1:06:22]} Qa8 {[%clk 1:03:56]} 16. Qb3 {[%clk 1:02:44]} Rfc8 {[%clk
1:02:50]} 17. Rac1 {[%clk 1:02:27]} h6 {[%clk 1:00:39]} 18. h3 {[%clk 0:59:07]}
b5 {[%clk 0:54:19]} 19. a4 {[%clk 0:53:39]} bxa4 {[%clk 0:54:39]} 20. Qxa4 {[%clk
0:48:28]} Nb6 {[%clk 0:50:31]} 21. Qb3 {[%clk 0:47:58]} Nc4 {[%clk 0:40:38]} 22.
b5 {[%clk 0:44:29]} Nxb2 {[%clk 0:38:26]} 23. Qxb2 {[%clk 0:44:53]} axb5 {[%clk
0:37:38]} 24. Nxb5 {[%clk 0:45:05]} Rc5 {[%clk 0:36:17]} 25. Rxc5 {[%clk
0:45:04]} Rxc5 {[%clk 0:35:05]} 26. Rc1 {[%clk 0:44:36]} Ne4 {[%clk 0:33:31]} 27.
Rxc5 {[%clk 0:44:11]} Nxc5 {[%clk 0:33:01]} 28. Qa3 {[%clk 0:36:26]} Qd8 {[%clk
0:33:22]} 29. Qc3 {[%clk 0:35:22]} Qb6 {[%clk 0:31:45]} 30. Nbd4 {[%clk 0:30:13]}
Ne4 {[%clk 0:29:34]} 31. Qb3 {[%clk 0:29:09]} Qc7 {[%clk 0:17:25]} 32. Qc4 {[%clk
0:27:50]} Qd6 {[%clk 0:10:05]} 33. Qb5 {[%clk 0:20:54]} Qd5 {[%clk 0:10:05]} 34.
Qxd5 {[%clk 0:21:12]} Bxd5 {[%clk 0:10:34]} 35. Bb5 {[%clk 0:20:05]} Nc3 {[%clk
0:09:27]} 36. Bd3 {[%clk 0:19:37]} Bf6 {[%clk 0:09:09]} 37. Nb5 {[%clk 0:19:16]}
Nxb5 {[%clk 0:09:26]} 38. Bxb5 {[%clk 0:19:41]} Bxf3 {[%clk 0:09:53]} 39. gxf3
{[%clk 0:20:04]} g6 {[%clk 0:10:21]} 40. Kg2 {[%clk 0:50:16]} Kg7 {[%clk
0:40:48]} 41. Bc4 {[%clk 0:50:23]} h5 {[%clk 0:41:14]} 1/2-1/2

[Event "European Women's Championship"]
[Site "Vysoke Tatry"]
[Date "2018.04.09"]
[Round "2"]
[White "Koubova, Anna Marie"]
[Black "Richterova, Natasa"]
[Result "0-1"]
[Board "70"]
[WhiteElo "1819"]
[WhiteCountry "CZE"]
[WhiteFideId "381470"]
[WhiteEloChange "-2"]
[BlackElo "2181"]
[BlackTitle "WIM"]
[BlackCountry "CZE"]
[BlackFideId "350591"]
[BlackEloChange "2"]

1. d4 {[%clk 1:30:59]} d5 {[%clk 1:30:14]} 2. c4 {[%clk 1:31:20]} c6 {[%clk
1:30:39]} 3. cxd5 {[%clk 1:31:42]} cxd5 {[%clk 1:31:05]} 4. Nf3 {[%clk 1:32:01]}
Nc6 {[%clk 1:31:12]} 5. Nc3 {[%clk 1:32:19]} Nf6 {[%clk 1:31:19]} 6. Bf4 {[%clk
1:32:41]} Qa5 {[%clk 1:16:02]} 7. e3 {[%clk 1:23:37]} a6 {[%clk 1:05:26]} 8. Be2
{[%clk 1:15:09]} Ne4 {[%clk 0:51:17]} 9. Qb3 {[%clk 1:07:17]} e6 {[%clk 0:43:44]}
10. O-O {[%clk 1:06:44]} Nxc3 {[%clk 0:43:58]} 11. bxc3 {[%clk 1:04:52]} Be7
{[%clk 0:41:10]} 12. c4 {[%clk 0:55:10]} dxc4 {[%clk 0:35:49]} 13. Bxc4 {[%clk
0:55:06]} b5 {[%clk 0:31:10]} 14. Be2 {[%clk 0:40:51]} Bb7 {[%clk 0:25:00]} 15.
e4 {[%clk 0:29:15]} Qd8 {[%clk 0:12:04]} 16. d5 {[%clk 0:20:51]} exd5 {[%clk
0:06:37]} 17. exd5 {[%clk 0:21:12]} Na5 {[%clk 0:05:13]} 18. Qc3 {[%clk 0:21:01]}
Bf6 {[%clk 0:04:06]} 19. Qe3+ {[%clk 0:19:12]} Qe7 {[%clk 0:03:21]} 20. Qxe7+
{[%clk 0:19:07]} Kxe7 {[%clk 0:03:16]} 21. d6+ {[%clk 0:18:20]} Kd8 {[%clk
0:02:47]} 22. Rac1 {[%clk 0:11:39]} Nc6 {[%clk 0:02:48]} 23. Ng5 {[%clk 0:10:17]}
Bxg5 {[%clk 0:02:30]} 24. Bxg5+ {[%clk 0:10:41]} f6 {[%clk 0:02:58]} 25. Be3
{[%clk 0:10:28]} g6 {[%clk 0:02:46]} 26. Bg4 {[%clk 0:01:32]} f5 {[%clk 0:03:00]}
27. Bf3 {[%clk 0:01:58]} Kd7 {[%clk 0:03:27]} 28. Bb6 {[%clk 0:01:29]} Rhe8
{[%clk 0:03:34]} 29. Bc7 {[%clk 0:01:25]} Re6 {[%clk 0:02:20]} 30. Rc5 {[%clk
0:00:39]} Rae8 {[%clk 0:02:31]} 31. Bd5 {[%clk 0:00:59]} Re1 {[%clk 0:01:42]} 32.
Rc1 {[%clk 0:01:02]} R1e5 {[%clk 0:01:42]} 33. Bf3 {[%clk 0:00:52]} Nd4 {[%clk
0:01:38]} 34. Bd1 {[%clk 0:00:44]} Re1 {[%clk 0:00:39]} 35. Bb6 {[%clk 0:00:44]}
Rxf1+ {[%clk 0:00:33]} 36. Kxf1 {[%clk 0:01:12]} Ne6 {[%clk 0:00:35]} 37. Bb3
{[%clk 0:00:44]} Kxd6 {[%clk 0:00:48]} 38. Bxe6 {[%clk 0:00:34]} Rxe6 {[%clk
0:00:55]} 39. f3 {[%clk 0:00:49]} Bd5 {[%clk 0:01:06]} 40. Re1 {[%clk 0:30:35]}
Bc4+ {[%clk 0:31:16]} 41. Kf2 {[%clk 0:30:53]} Rxe1 {[%clk 0:30:41]} 42. Kxe1
{[%clk 0:30:45]} Bxa2 {[%clk 0:27:30]} 43. g4 {[%clk 0:27:39]} fxg4 {[%clk
0:26:57]} 44. fxg4 {[%clk 0:27:52]} Be6 {[%clk 0:24:54]} 45. g5 {[%clk 0:27:36]}
b4 {[%clk 0:23:50]} 46. Kd2 {[%clk 0:17:21]} Kc6 {[%clk 0:23:01]} 47. Bd8 {[%clk
0:14:25]} Kb5 {[%clk 0:22:25]} 0-1